000 01042nam a2200289 i 4500
001 8429
003 KOSZ 005
005 20210426104909.0
008 070928s1967 pl a f 000 0 pol
015 _aPB 1968/1447
040 _aWA N
_cKOSZ 005/RW
_dKOSZ 005/RW
041 1 _apol
_hrus
080 _a621.397:621.317
100 1 _aKrivošeev, Mark Iosifovič.
245 1 0 _aPodstawy pomiarów telewizyjnych /
_cM. J. Kriwoszejew ; [przetł. M. Hanna Baranowska].
246 1 _iTyt. oryg.:
_aOsnovy televizionnyh izmerenij.
260 _aWarszawa :
_bWydawnictwa Komunikacji i Łączności,
_c1967.
300 _a471, [1] s., [1] k. tabl. :
_bil. ;
_c25 cm.
380 _aKsiążki.
504 _aBibliogr. przy rozdz.
650 4 _aPomiary
650 4 _aTelewizja
710 2 _aWydawnictwa Komunikacji i Łączności.
_4pbl.
700 1 _aBaranowska, Maria Hanna
_eTłumaczenie
856 _uhttp://koha.tu.koszalin.pl/cgi-bin/koha/opac-detail.pl?biblionumber=8429
_yKatalog online BPK
942 _2UKD
_cKS
999 _c8429
_d8429